ARRUPE JESUIT UNIVERSITY

CORONAVIRUS -STOP THE SPREAD - CLEAN,DISINFECT,COVER

From myth to modern mind : (Record no. 130892)

MARC details
000 -LEADER
fixed length control field 01188cam a2200301 a 4500
001 - CONTROL NUMBER
control field 3962740
003 - CONTROL NUMBER IDENTIFIER
control field ARRUPE
005 - DATE AND TIME OF LATEST TRANSACTION
control field 20211015103914.0
008 - FIXED-LENGTH DATA ELEMENTS--GENERAL INFORMATION
fixed length control field 941222m19951996nyua b 001 0 eng
010 ## - LIBRARY OF CONGRESS CONTROL NUMBER
LC control number 94047030
020 ## - INTERNATIONAL STANDARD BOOK NUMBER
International Standard Book Number 0820426725 (v. 1 : alk. paper)
020 ## - INTERNATIONAL STANDARD BOOK NUMBER
International Standard Book Number 0820426997 (v. 2)
040 ## - CATALOGING SOURCE
Original cataloging agency DLC
Transcribing agency DLC
Modifying agency DLC
050 00 - LIBRARY OF CONGRESS CALL NUMBER
Classification number Q174.8
Item number .S335 1995
082 00 - DEWEY DECIMAL CLASSIFICATION NUMBER
Classification number 509
Edition number 20
300 ## - PHYSICAL DESCRIPTION
Other physical details ill. ;
Dimensions 23 cm.
100 1# - MAIN ENTRY--PERSONAL NAME
Personal name Schlagel, Richard H.,
Dates associated with a name 1925-
9 (RLIN) 19783
245 10 - TITLE STATEMENT
Title From myth to modern mind :
Remainder of title a study of the origins and growth of scientific thought /
Statement of responsibility, etc Richard H. Schlagel.
260 ## - PUBLICATION, DISTRIBUTION, ETC. (IMPRINT)
Place of publication, distribution, etc New York :
Name of publisher, distributor, etc P. Lang,
Date of publication, distribution, etc c1995-c1996.
300 ## - PHYSICAL DESCRIPTION
Extent 2 v. :
440 #0 - SERIES STATEMENT/ADDED ENTRY--TITLE
Title American university studies.
Number of part/section of a work Series V,
Name of part/section of a work Philosophy,
International Standard Serial Number 0739-6392 ;
Volume number/sequential designation v. 170-171
9 (RLIN) 50316
504 ## - BIBLIOGRAPHY, ETC. NOTE
Bibliography, etc Includes bibliographical references and indexes.
505 0# - FORMATTED CONTENTS NOTE
Formatted contents note v. 1. Theogony through Ptolemy -- v. 2. Copernicus through quantum mechanics.
650 #0 - SUBJECT ADDED ENTRY--TOPICAL TERM
Topical term or geographic name as entry element Science
General subdivision Philosophy
-- History.
9 (RLIN) 867
650 #0 - SUBJECT ADDED ENTRY--TOPICAL TERM
Topical term or geographic name as entry element Science
General subdivision History.
906 ## - LOCAL DATA ELEMENT F, LDF (RLIN)
a 7
b cbc
c orignew
d 1
e ocip
f 19
g y-gencatlg
942 ## - ADDED ENTRY ELEMENTS (KOHA)
Source of classification or shelving scheme Library of Congress Classification
Koha item type Monograph ( Printed materials)
Holdings
Withdrawn status Lost status Source of classification or shelving scheme Damaged status Not for loan Collection code Home library Current library Shelving location Date acquired Total Checkouts Full call number Barcode Date last seen Price effective from Koha item type
    Library of Congress Classification     Main Collection ARRUPE LIBRARY ARRUPE LIBRARY Main Collection 15/10/2021   Q174.8 .S335 1995 46600007173 15/10/2021 15/10/2021 Monograph ( Printed materials)

 

Arrupe Library. PO Box MP320 Mt Pleasant, Harare, Zimbabwe
263 242 745411|librarian@aju.ac.zw